|
|
|
|
| LEADER |
01236nam a2200277 u 4500 |
| 001 |
10025528 |
| 003 |
upatras |
| 005 |
20210416091549.0 |
| 008 |
951120s1966 is eng |
| 952 |
|
|
|0 0
|1 0
|4 0
|6 551_500000000000000_BEL
|7 0
|9 195198
|a PHYS
|b PHYS
|d 2016-04-24
|i 02611
|l 0
|o 551.50 BEL
|p 025000022448
|r 2016-04-24 00:00:00
|t 1
|w 2016-04-24
|y BK15
|
| 999 |
|
|
|c 119766
|d 119766
|
| 040 |
|
|
|a GR-PaULI
|c GR-PaULI
|
| 041 |
1 |
|
|a eng
|h rus
|
| 100 |
1 |
|
|a Beletskii, V. V.
|9 151590
|
| 245 |
1 |
0 |
|a Motion of an artificial satellite about its center of mass /
|c V. V. Beletskii.
|
| 246 |
1 |
1 |
|a Dvizhenie iskusstvennogo sputnika otnositel no tsentra mass
|
| 260 |
|
|
|a Jerusalem :
|b Israel Program for Scientific Translations,
|c 1966.
|
| 300 |
|
|
|a x, 261 σ. :
|b εικ. ;
|c 23 εκ.
|
| 490 |
0 |
|
|a Mechanics of space flight
|
| 500 |
|
|
|a Μετάφραση από τα ρωσικά.
|
| 504 |
|
|
|a Περιλαμβάνει βιβλιογραφικές παραπομπές και ευρετήριο.
|
| 650 |
|
4 |
|a Μετεωρολογία
|9 2577
|
| 650 |
|
4 |
|a Τεχνητοί δορυφόροι
|9 150072
|
| 760 |
1 |
|
|a Mechanics of space flight
|
| 852 |
|
|
|a GR-PaULI
|b ΠΑΤΡΑ
|b ΦΥΣΙΚΟ
|k ΑΕΧ-1
|h 551.50 BEL
|m 02611
|p 025000022448
|t 1
|
| 942 |
|
|
|2 ddc
|c BK15
|